{"text_format":"3","workbook":"xlsx","n_sheets":1,"sheets":["Sheet1"],"read":"whole","date_system":"1900"}

{"sheet":"Sheet1","index":0,"n_rows":24,"n_cols":15,"rows_kept":24,"merged":[[0,1,0,5],[0,9,0,10],[0,11,0,12],[0,13,0,14]]}
["Combined Total Quantity's ","TSPLOST YEAR 1",{"$nulls":7},"Atlanta Paving & Concrete Construction, Inc. ",null,"Baldwin Paving Company, Inc. ",null,"Quality Construction by McLeroy, Inc. "]
["GDOT ITEM DESCRIPTION","GDOT PAY ITEM ","UNITS","ESTIMATED UNIT PRICE","PROJECT UNIT QTY","EXTENDED UNIT  TOTAL","GDOT ITEM DESCRIPTION","GDOT PAY ITEM ","UNITS"," UNIT PRICE","EXTENDED UNIT  TOTAL"," UNIT PRICE","EXTENDED UNIT  TOTAL"," UNIT PRICE","EXTENDED UNIT  TOTAL"]
["BITUM TACK COAT","413-1000","GL",{"v":2.25,"d":"$2.25"},2398,{"$f":"M3","v":{"v":23.98,"d":"$23.98"}},"BITUM TACK COAT","413-1000","GL",{"v":5.51,"d":"$5.51"},{"v":13212.98,"d":"$13,212.98"},{"v":0.01,"d":"$0.01"},{"v":23.98,"d":"$23.98"},{"v":6,"d":"$6.00"},{"v":14388,"d":"$14,388.00"}]
["RECYL ASPH CONC LEVELING, INCL BITUM MATL & H LIME","402-1812","TN",{"v":110,"d":"$110.00"},775,{"$f":"SUM(D4*E4)","v":{"v":85250,"d":"$85,250.00"}},"RECYL ASPH CONC LEVELING, INCL BITUM MATL & H LIME","402-1812","TN",{"v":143.44,"d":"$143.44"},{"v":111166,"d":"$111,166.00"},{"v":215,"d":"$215.00"},{"v":166625,"d":"$166,625.00"},{"v":131.1,"d":"$131.10"},{"v":101602.5,"d":"$101,602.50"}]
["RECYL ASPH CONC 9.5MM SUPERPAVE, GP 1 OR 2, INCL BITUM MATL & H LIME 135#/SY","402-3100","TN",{"v":100,"d":"$100.00"},3104,{"v":310400,"d":"$310,400.00"},"RECYL ASPH CONC 9.5MM SUPERPAVE, GP 1 OR 2, INCL BITUM MATL & H LIME 135#/SY","402-3100","TN",{"v":135.2,"d":"$135.20"},{"v":419660.8,"d":"$419,660.80"},{"v":161,"d":"$161.00"},{"v":499744,"d":"$499,744.00"},{"v":121,"d":"$121.00"},{"v":375584,"d":"$375,584.00"}]
["MILL ASPHALT CONC PVMT, 1 1/ 2 IN DEPTH","432-0208","SY",{"v":5,"d":"$5.00"},30893,{"v":154465,"d":"$154,465.00"},"MILL ASPHALT CONC PVMT, 1 1/ 2 IN DEPTH","432-0208","SY",{"v":3.58,"d":"$3.58"},{"$f":"SUM(J6*E6)","v":{"v":110596.94,"d":"$110,596.94"}},{"v":3.33,"d":"$3.33"},{"$f":"SUM(L6*E6)","v":{"v":102873.69,"d":"$102,873.69"}},{"v":1.85,"d":"$1.85"},{"v":57152.05,"d":"$57,152.05"}]
["THERMOPLASTIC SOLID TRAFFIC STRIPE       5 IN, WHITE","653-1501","LF",{"v":0.65,"d":"$0.65"},5980,"n/a","THERMOPLASTIC SOLID TRAFFIC STRIPE       5 IN, WHITE","653-1501","LF",{"v":0.66,"d":"$0.66"},{"v":3946.8,"d":"$3,946.80"},{"v":0.75,"d":"$0.75"},{"v":4485,"d":"$4,485.00"},{"v":0.5,"d":"$0.50"},{"v":2990,"d":"$2,990.00"}]
["THERMOPLASTIC SOLID TRAFFIC STRIPE       5 IN, YELLOW ","653-1502","LF",{"v":0.65,"d":"$0.65"},13430,{"v":8729.5,"d":"$8,729.50"},"THERMOPLASTIC SOLID TRAFFIC STRIPE       5 IN, YELLOW ","653-1502","LF",{"v":0.66,"d":"$0.66"},{"v":8863.8,"d":"$8,863.80"},{"v":0.75,"d":"$0.75"},{"v":10072.5,"d":"$10,072.50"},{"v":2,"d":"$2.00"},{"v":26860,"d":"$26,860.00"}]
["PREFORMED SOLID TRAFFIC STRIPE 8 IN; WHITE   (Crosswalk)","657-1084","LF",{"v":0.65,"d":"$0.65"},2378,{"v":1545.7,"d":"$1,545.70"},"PREFORMED SOLID TRAFFIC STRIPE 8 IN; WHITE   (Crosswalk)","657-1084","LF",{"v":16.5,"d":"$16.50"},{"v":39237,"d":"$39,237.00"},{"v":3.1,"d":"$3.10"},{"v":7371.8,"d":"$7,371.80"},{"v":3,"d":"$3.00"},{"v":7134,"d":"$7,134.00"}]
["THERMOPLASTIC SOLID TRAFFIC STRIPE  24 IN; WHITE    (STOP BAR)    ","653-1704","LF",{"v":7,"d":"$7.00"},192,{"v":1344,"d":"$1,344.00"},"THERMOPLASTIC SOLID TRAFFIC STRIPE  24 IN; WHITE    (STOP BAR)    ","653-1704","LF",{"v":9.35,"d":"$9.35"},{"v":1795.2,"d":"$1,795.20"},{"v":10.5,"d":"$10.50"},{"v":2016,"d":"$2,016.00"},{"v":9,"d":"$9.00"},{"v":1728,"d":"$1,728.00"}]
[" Water Valve GP 1 (Lower/Grade as needed) ","611-4001","EA",{"v":15,"d":"$15.00"},19,{"v":285,"d":"$285.00"},"THERMOPLASTIC  PVMT  MKG  ARROW TP1  WHITE","653-0110","EA",{"v":850,"d":"$850.00"},{"$f":"SUM(J11*E11)","v":{"v":16150,"d":"$16,150.00"}},{"v":400,"d":"$400.00"},{"v":7600,"d":"$7,600.00"},{"v":250,"d":"$250.00"},{"v":4750,"d":"$4,750.00"}]
["Storm Drain Inlet GP 1 (Lower/Grade as needed)","668-2110","EA",{"v":150,"d":"$150.00"},24,{"v":3600,"d":"$3,600.00"},"THERMOPLASTIC PVMT MKG ARROW TP2  WHITE","668-21110","EA",{"v":1750,"d":"$1,750.00"},{"$f":"SUM(J12*E12)","v":{"v":42000,"d":"$42,000.00"}},{"v":900,"d":"$900.00"},{"v":21600,"d":"$21,600.00"},{"v":500,"d":"$500.00"},{"v":12000,"d":"$12,000.00"}]
["Storm Sewer Manhole, TP 1 (Lower/Grade as needed)","668-4311","SY",{"v":250,"d":"$250.00"},31,{"v":7750,"d":"$7,750.00"},"THERMO  TRAFFIC STRIPE  GDOT T-14 DET \"A\"  WHITE","668-4311","SY",{"v":1750,"d":"$1,750.00"},{"$f":"SUM(J13*E13)","v":{"v":54250,"d":"$54,250.00"}},{"v":900,"d":"$900.00"},{"v":27900,"d":"$27,900.00"},{"v":500,"d":"$500.00"},{"v":15500,"d":"$15,500.00"}]
["Traffic Control","150-1000","Lump",{"v":1500,"d":"$1,500.00"},"Lump",{"$error":"#VALUE!"},"Traffic Control","150-1000","Lump",{"v":56032.25,"d":"$56,032.25"},{"v":56032.25,"d":"$56,032.25"},{"v":95000,"d":"$95,000.00"},{"v":95000,"d":"$95,000.00"},{"v":163900,"d":"$163,900.00"},{"v":163900,"d":"$163,900.00"}]
["MOBILIZATION","150-","Lump",{"v":1500,"d":"$1,500.00"},"Lump","n/a","MOBILIZATION","150-","Lump",{"v":15000,"d":"$15,000.00"},{"v":15000,"d":"$15,000.00"},{"v":90000,"d":"$90,000.00"},{"v":90000,"d":"$90,000.00"},{"v":41500,"d":"$41,500.00"},{"v":41500,"d":"$41,500.00"}]
["Adjustments-Testing",null,"Lump",{"v":500,"d":"$500.00"},"Lump",{"$f":"SUM(D16*E16)","v":{"$error":"#VALUE!"}},"Adjustments-Testing",null,"Lump",{"v":7500,"d":"$7,500.00"},{"v":7500,"d":"$7,500.00"},{"v":750,"d":"$750.00"}]
[{"$nulls":3},{"v":1500,"d":"$1,500.00"},null,{"v":0,"d":"$0.00"},{"$nulls":4},"DISQUALIFIED DUE TO NOT FILLING BID SHEET OUT CORRECTLY",null,{"$f":"SUM(L17*E17)","v":0},null,{"$f":"SUM(N17*E17)","v":0}]
[{"$nulls":3},{"v":15000,"d":"$15,000.00"}]
[{"$nulls":3},{"v":15000,"d":"$15,000.00"},null,{"$f":"SUM(D19*E19)","v":{"v":0,"d":"$0.00"}}]
[]
[]
[]
[]
[{"$nulls":10},{"$f":"SUM(K3:K23)","v":{"v":899411.77,"d":"$899,411.77"}},null,{"$f":"SUM(M3:M23)","v":{"v":1035311.97,"d":"$1,035,311.97"}},null,{"$f":"SUM(O3:O23)","v":{"v":825088.55,"d":"$825,088.55"}}]